000 00896nam a2200241Ia 4500
003 OSt
005 20220923221750.0
006 a|||||r|||| 00| 0
007 ta
008 220922b |||||||| |||| 00| 0 hin d
024 _a199,904
037 _cTextual
040 _aARTS
_cARTS
_bhin
041 _2hin
_ahin
082 _aQ25:23, 152M3
100 _aषद्मेश, के0 ऐ0 दुबे
_9165646
245 0 _aमन्त्र शक्ति मन्त्र शास्त्र का सरल संक्षिप्त विवेचना
246 _ahintra shakti hintra shāstra kā saral sankṣpunta vivechanā
260 _aनर्द दिल्ली
_b सुंबोध पब्लि
_c1983
300 _a183
_ccm.
942 _hQ25:23, 152M3
_cTEXL
_2CC
999 _c351606
_d351606